[Event "Goch op 27th"]
[Site "Goch"]
[Date "2016.09.03"]
[Round "5"]
[White "Esser, Jochen"]
[Black "Terhuven, Patrick"]
[Result "0-1"]
[WhiteElo "2034"]
[BlackElo "2134"]
[PlyCount "64"]
[EventDate "2016.09.01"]
[EventType "swiss"]
[EventRounds "7"]
[EventCountry "GER"]
[SourceTitle "EXT 2018"]
[Source "ChessBase"]
[SourceDate "2017.10.13"]
[SourceVersion "1"]
[SourceVersionDate "2017.10.13"]
[SourceQuality "1"]

1. e4 c5 2. Nf3 g6 3. Bc4 Nc6 4. d4 cxd4 5. c3 d3 6. 0-0 Bg7 7. Bf4 d6 8. Re1 Nf6 9. Qxd3 0-0 10. Nbd2 Nd7 11. Bb3 h6 12. Qe3 Kh7 13. h4 Nf6 14. Qd3 Bg4 15. Nh2 Be6 16. Rad1 Qa5 17. Bxe6 fxe6 18. Nc4 Qxa2 19. Bc1 e5 20. g4 Nd7 21. Ne3 Nc5 22. Qc2 Qf7 23. b4 Ne6 24. Nd5 Nf4 25. b5 Na5 26. Bxf4 exf4 27. h5 Be5 28. Nf3 gxh5 29. Nxe5 dxe5 30. Qa4 b6 31. Qb4 Rfe8 32. g5 f3 0-1

[Event "Goch op 26th"]
[Site "Goch"]
[Date "2015.09.06"]
[Round "6"]
[White "Esser, Jochen"]
[Black "Van Foreest, Lucas"]
[Result "0-1"]
[WhiteElo "2046"]
[BlackElo "2314"]
[PlyCount "42"]
[EventDate "2015.09.03"]
[EventType "swiss"]
[EventRounds "7"]
[EventCountry "GER"]
[SourceTitle "EXT 2018"]
[Source "ChessBase"]
[SourceDate "2017.10.13"]
[SourceVersion "1"]
[SourceVersionDate "2017.10.13"]
[SourceQuality "1"]

1. e4 e5 2. Nf3 Nc6 3. Bc4 Nf6 4. Nc3 Nxe4 5. 0-0 Nxc3 6. dxc3 f6 7. Be3 g6 8. Nh4 Ne7 9. f4 e4 10. Qd4 Bg7 11. Rad1 d5 12. Bxd5 Qxd5 13. Qxd5 Nxd5 14. Rxd5 b6 15. h3 Bf8 16. g4 Be7 17. Ng2 h5 18. Nh4 hxg4 19. Nxg6 Rxh3 20. Nxe7 Kxe7 21. Kf2 Rf3+ 0-1

[Event "Goch op 26th"]
[Site "Goch"]
[Date "2015.09.04"]
[Round "3"]
[White "Esser, Jochen"]
[Black "Sanati, Charlotte"]
[Result "1-0"]
[WhiteElo "2046"]
[BlackElo "1871"]
[PlyCount "91"]
[EventDate "2015.09.03"]
[EventType "swiss"]
[EventRounds "7"]
[EventCountry "GER"]
[SourceTitle "EXT 2018"]
[Source "ChessBase"]
[SourceDate "2017.10.13"]
[SourceVersion "1"]
[SourceVersionDate "2017.10.13"]
[SourceQuality "1"]

1. e4 e6 2. d3 d5 3. Nd2 Nf6 4. Ngf3 Nc6 5. e5 Nd7 6. d4 Be7 7. c3 0-0 8. Bd3 f6 9. Qe2 Qe8 10. exf6 Nxf6 11. Nf1 Bd6 12. Ne5 Ne7 13. g4 c5 14. Ng3 Bxe5 15. dxe5 Nd7 16. 0-0 Ng6 17. f4 b6 18. h4 Bb7 19. h5 Ne7 20. f5 Nc6 21. Bf4 Rd8 22. Rae1 Qe7 23. fxe6 Qxe6 24. Nf5 c4 25. Bb1 Nc5 26. Nd6 g6 27. Nxb7 Nxb7 28. Bg5 Rde8 29. Rf6 Rxf6 30. Bxf6 Ne7 31. Qg2 Rf8 32. Bxe7 Qxe7 33. Qxd5+ Qf7 34. Qxf7+ Rxf7 35. hxg6 hxg6 36. Be4 Kg7 37. Bd5 Re7 38. Bxc4 Nc5 39. Kg2 g5 40. Kf3 Re8 41. b4 Ne6 42. Bxe6 Rxe6 43. Ke4 Kg6 44. Kd5 Kf7 45. Rf1+ Ke7 46. Rh1 1-0

[Event "Rheinhausen-ch 19th"]
[Site "Duisburg Rheinhausen"]
[Date "2015.01.18"]
[Round "2"]
[White "Esser, Jochen"]
[Black "Christen, Stefan"]
[Result "1-0"]
[WhiteElo "1930"]
[BlackElo "1731"]
[PlyCount "75"]
[EventDate "2015.01.09"]
[EventType "swiss"]
[EventRounds "7"]
[EventCountry "GER"]
[SourceTitle "EXT 2018"]
[Source "ChessBase"]
[SourceDate "2017.10.13"]
[SourceVersion "1"]
[SourceVersionDate "2017.10.13"]
[SourceQuality "1"]

1. e4 d5 2. exd5 Qxd5 3. Nc3 Qd6 4. d4 Nf6 5. Nf3 Bg4 6. Be2 c6 7. h3 Bh5 8. Be3 Nbd7 9. Qd2 Nb6 10. Bf4 Qd8 11. Be5 e6 12. 0-0-0 Bxf3 13. gxf3 Bd6 14. f4 Qc7 15. Rhg1 Rg8 16. Kb1 0-0-0 17. Rg3 Nbd5 18. Nxd5 Nxd5 19. c4 Bxe5 20. fxe5 Ne7 21. Bg4 Kb8 22. Qb4 g6 23. Rc3 h5 24. Bf3 Rd7 25. Be4 c5 26. Qb5 Rxd4 27. Rxd4 cxd4 28. Rb3 b6 29. f4 Rd8 30. a4 Rd7 31. a5 Kc8 32. Qa6+ Kd8 33. axb6 axb6 34. Rxb6 Ke8 35. Rb7 Qc5 36. Qa4 Qc8 37. b4 Qd8 38. Kc2 1-0

[Event "Rheinhausen-ch op 18th"]
[Site "Rheinhausen"]
[Date "2014.02.07"]
[Round "3"]
[White "Esser, Jochen"]
[Black "Moll, Reinhard"]
[Result "1/2-1/2"]
[WhiteElo "1962"]
[BlackElo "1797"]
[PlyCount "116"]
[EventDate "2014.01.10"]
[EventType "swiss"]
[EventRounds "7"]
[EventCountry "GER"]
[SourceTitle "EXT 2017"]
[Source "ChessBase"]
[SourceDate "2016.10.25"]
[SourceVersion "1"]
[SourceVersionDate "2016.10.25"]
[SourceQuality "1"]

1. e4 d5 2. exd5 Nf6 3. Bb5+ Bd7 4. Bc4 Bf5 5. Nc3 Nbd7 6. Nf3 Nb6 7. Bb3 Nfxd5 8. Nxd5 Nxd5 9. d4 e6 10. 0-0 Be7 11. c4 Nb6 12. Bc2 Bxc2 13. Qxc2 0-0 14. b3 Bf6 15. Bb2 c6 16. Rad1 Qe7 17. Rfe1 Rac8 18. Qe4 Rfd8 19. Rd3 Qf8 20. h4 g6 21. Ne5 Bg7 22. h5 Nd7 23. hxg6 hxg6 24. Rh3 Nxe5 25. dxe5 Qe7 26. Bd4 c5 27. Be3 Qc7 28. f4 Qc6 29. Qxc6 Rxc6 30. Kf2 b6 31. g4 Rc7 32. Ke2 Rcd7 33. Rhh1 Rd3 34. Rd1 Rxd1 35. Rxd1 Rxd1 36. Kxd1 Kf8 37. Ke2 Ke8 38. Kd3 Kd7 39. Ke4 Bh6 40. a3 Kc6 41. Bf2 Kd7 42. b4 Bf8 43. b5 Be7 44. a4 Bd8 45. a5 Be7 46. a6 Bd8 47. Be3 Kc7 48. Bf2 Kd7 49. Kf3 Ke8 50. Kg2 Kf8 51. Kh3 Kg7 52. Kg3 Bc7 53. Kf3 Bd8 54. Ke4 Kh6 55. Be3 Kg7 56. f5 Kh7 57. fxe6 fxe6 58. Bf2 g5 1/2-1/2

[Event "Goch op 20th"]
[Site "Goch"]
[Date "2009.10.04"]
[Round "7"]
[White "Versteeg, Cees"]
[Black "Esser, Jochen"]
[Result "1/2-1/2"]
[WhiteElo "2041"]
[BlackElo "2124"]
[PlyCount "36"]
[EventDate "2009.10.01"]
[EventType "swiss"]
[EventRounds "7"]
[EventCountry "GER"]
[SourceTitle "EXT 2011"]
[Source "ChessBase"]
[SourceDate "2010.11.26"]
[SourceVersion "1"]
[SourceVersionDate "2010.11.26"]
[SourceQuality "1"]

1. e4 e5 2. Nf3 Nc6 3. Bb5 a6 4. Ba4 Nf6 5. d3 d6 6. Be3 Be7 7. c3 b5 8. Bc2 d5 9. d4 exd4 10. Nxd4 Nxd4 11. Bxd4 dxe4 12. Bxf6 Qxd1+ 13. Kxd1 Bxf6 14. Bxe4 Rb8 15. Bc6+ Bd7 16. Bxd7+ Kxd7 17. Nd2 Rhe8 18. Re1 Rxe1+ 1/2-1/2

[Event "Goch op 20th"]
[Site "Goch"]
[Date "2009.10.01"]
[Round "1"]
[White "Jakobsen, Oivind"]
[Black "Esser, Jochen"]
[Result "1/2-1/2"]
[WhiteElo "1689"]
[BlackElo "2124"]
[PlyCount "94"]
[EventDate "2009.10.01"]
[EventType "swiss"]
[EventRounds "7"]
[EventCountry "GER"]
[SourceTitle "EXT 2011"]
[Source "ChessBase"]
[SourceDate "2010.11.26"]
[SourceVersion "1"]
[SourceVersionDate "2010.11.26"]
[SourceQuality "1"]

1. Nf3 Nf6 2. c4 g6 3. Nc3 Bg7 4. d4 d6 5. e3 0-0 6. Be2 Nbd7 7. 0-0 e5 8. Qc2 Re8 9. d5 a5 10. e4 Nc5 11. Be3 b6 12. Bg5 h6 13. Be3 Ng4 14. Bxc5 bxc5 15. h3 Nf6 16. Nh2 Nh7 17. Qd2 f5 18. Kh1 Nf6 19. Bd3 f4 20. f3 Nh5 21. Ne2 Nf6 22. a3 a4 23. Rfb1 g5 24. b4 axb3 25. Rxb3 h5 26. Bc2 Bd7 27. a4 Rxa4 28. Rxa4 Bxa4 29. Ra3 Bd7 30. Ba4 g4 31. Bxd7 Qxd7 32. hxg4 hxg4 33. Nxg4 Nxg4 34. fxg4 Qxg4 35. Ng1 Kf7 36. Nh3 Rb8 37. Rf3 Bf6 38. Qc2 Rb4 39. Nf2 Qh5+ 40. Rh3 Bh4 41. Kg1 Qg5 42. Nd3 Rb8 43. Kf1 Bg3 44. Qd1 Kg6 45. Ne1 Rb2 46. Nf3 Qf6 47. Nd2 Qg5 1/2-1/2

[Event "Goch op 19th"]
[Site "Goch"]
[Date "2008.10.11"]
[Round "4"]
[White "Esser, Jochen"]
[Black "Stuemer, Paul"]
[Result "0-1"]
[WhiteElo "2025"]
[BlackElo "2147"]
[PlyCount "72"]
[EventDate "2008.10.09"]
[EventType "swiss"]
[EventRounds "7"]
[EventCountry "GER"]
[SourceTitle "EXT 2011"]
[Source "ChessBase"]
[SourceDate "2010.11.26"]
[SourceVersion "1"]
[SourceVersionDate "2010.11.26"]
[SourceQuality "1"]

1. e4 c5 2. Nf3 Nc6 3. d3 g6 4. g3 Bg7 5. Bg2 e5 6. 0-0 Nge7 7. Nbd2 0-0 8. a4 d5 9. exd5 Nxd5 10. Nc4 h6 11. Re1 Re8 12. c3 Bf5 13. Nh4 Be6 14. Nf3 Qc7 15. Qe2 Rad8 16. Qc2 Bf5 17. Nh4 Ndb4 18. cxb4 Nxb4 19. Qd1 Bxd3 20. Ne3 g5 21. Nf3 Bg6 22. Qb3 Rd3 23. Qc4 Red8 24. Bf1 R3d6 25. Bd2 Nd3 26. Bc3 e4 27. Bxd3 Rxd3 28. Nxg5 hxg5 29. Ng4 Qd6 30. Rac1 b6 31. a5 Bd4 32. axb6 axb6 33. Rcd1 Kg7 34. Rxd3 exd3 35. Ne5 d2 36. Bxd2 Bxe5 0-1

[Event "Goch op 19th"]
[Site "Goch"]
[Date "2008.10.10"]
[Round "3"]
[White "Coenen, Michael"]
[Black "Esser, Jochen"]
[Result "1-0"]
[WhiteElo "2252"]
[BlackElo "2025"]
[PlyCount "61"]
[EventDate "2008.10.09"]
[EventType "swiss"]
[EventRounds "7"]
[EventCountry "GER"]
[SourceTitle "EXT 2011"]
[Source "ChessBase"]
[SourceDate "2010.11.26"]
[SourceVersion "1"]
[SourceVersionDate "2010.11.26"]
[SourceQuality "1"]

1. e4 e5 2. Nf3 Nc6 3. Bb5 a6 4. Ba4 Nf6 5. 0-0 Nxe4 6. d4 b5 7. Bb3 d5 8. dxe5 Be6 9. Nbd2 Nc5 10. c3 d4 11. cxd4 Nxd4 12. Nxd4 Qxd4 13. Bxe6 Nxe6 14. Qf3 Rd8 15. Qc6+ Qd7 16. Qxa6 Qd5 17. Qa5 Nd4 18. Nf3 Bc5 19. Nxd4 Bxd4 20. Qb4 Rd7 21. Bg5 Bc5 22. Qg4 Qd4 23. Qe2 Qd5 24. Rfd1 Bd4 25. Rd2 0-0 26. Rad1 c5 27. b4 Re8 28. bxc5 Rxe5 29. Be3 Qxc5 30. Rxd4 Rxd4 31. Bxd4 1-0

[Event "Goch op 18th"]
[Site "Goch"]
[Date "2007.10.05"]
[Round "2"]
[White "Mueller, Markus"]
[Black "Esser, Jochen"]
[Result "1/2-1/2"]
[WhiteElo "2153"]
[BlackElo "1971"]
[PlyCount "84"]
[EventDate "2007.10.04"]
[EventType "swiss"]
[EventRounds "7"]
[EventCountry "GER"]
[SourceTitle "EXT 2011"]
[Source "ChessBase"]
[SourceDate "2010.11.26"]
[SourceVersion "1"]
[SourceVersionDate "2010.11.26"]
[SourceQuality "1"]

1. e4 e5 2. Nf3 Nc6 3. Bb5 a6 4. Bxc6 dxc6 5. 0-0 Qe7 6. d4 exd4 7. Qxd4 Be6 8. Rd1 f6 9. Be3 Nh6 10. Bxh6 gxh6 11. Nc3 Rg8 12. Ne2 Bg4 13. Qe3 h5 14. Rd3 Rd8 15. Rad1 Rxd3 16. Rxd3 Qb4 17. Qd4 Qxd4 18. Nfxd4 c5 19. h3 cxd4 20. hxg4 hxg4 21. Nxd4 Bd6 22. Nf5 Be5 23. c4 Rf8 24. Rb3 b6 25. Nh6 g3 26. fxg3 Kd7 27. Rd3+ Kc6 28. b3 a5 29. Ng4 Re8 30. Kf2 h5 31. Nxe5+ Rxe5 32. Kf3 f5 33. exf5 Rxf5+ 34. Ke3 Kc5 35. Ke4 Rf2 36. a3 a4 37. Rd5+ Kc6 38. b4 Rxg2 39. Rd3 h4 40. gxh4 Rg4+ 41. Ke5 Rxh4 42. Rc3 Rh5+ 1/2-1/2

[Event "Duisburg op 6th"]
[Site "Duisburg"]
[Date "1999.??.??"]
[Round "7"]
[White "Schoch, Thomas"]
[Black "Esser, Jochen"]
[Result "1-0"]
[WhiteElo "1785"]
[BlackElo "1990"]
[PlyCount "105"]
[EventDate "1999.05.21"]
[EventType "swiss"]
[EventRounds "7"]
[EventCountry "GER"]
[SourceTitle "EXT 2004"]
[Source "ChessBase"]
[SourceDate "2003.11.25"]
[SourceVersion "1"]
[SourceVersionDate "2003.11.25"]
[SourceQuality "1"]

1. d4 Nf6 2. g4 Nxg4 3. e4 d6 4. f3 Nf6 5. Be3 e5 6. Nc3 Nc6 7. Bb5 Bd7 8. Bxc6 Bxc6 9. Nge2 g6 10. d5 Bd7 11. Ng3 h5 12. h4 Be7 13. Qd2 Nh7 14. Qh2 c6 15. 0-0-0 Qa5 16. Qf2 Nf6 17. Kb1 b5 18. dxc6 Bxc6 19. Nd5 Bxd5 20. exd5 0-0 21. Rhg1 Kh7 22. Bc1 Rac8 23. Qe3 Ng8 24. Nxh5 Qa4 25. b3 Qb4 26. Ng3 Qc3 27. Qe2 Nh6 28. Ne4 Qc7 29. h5 Rg8 30. Qh2 g5 31. Bxg5 Nf5 32. Qh3 Nh6 33. Bxe7 Qxe7 34. Rg3 Rxg3 35. Nxg3 Qg5 36. Ne4 Rg8 37. Qf1 Qe7 38. Qxb5 f5 39. Nc3 Rg2 40. Qd3 Qg5 41. Nb5 Qe7 42. Qc3 Rg3 43. Qc6 Nf7 44. Qc8 Nh6 45. Qe6 Qg7 46. Nxd6 Rxf3 47. Ne8 Qg5 48. Nf6+ Kg7 49. Ne8+ Kh7 50. Qxe5 Re3 51. Qc7+ Re7 52. d6 Rxc7 53. dxc7 1-0

[Event "Duisburg op 6th"]
[Site "Duisburg"]
[Date "1999.??.??"]
[Round "2"]
[White "Souleidis, Georgios"]
[Black "Esser, Jochen"]
[Result "1-0"]
[WhiteElo "2383"]
[BlackElo "1990"]
[PlyCount "99"]
[EventDate "1999.05.21"]
[EventType "swiss"]
[EventRounds "7"]
[EventCountry "GER"]
[SourceTitle "EXT 2004"]
[Source "ChessBase"]
[SourceDate "2003.11.25"]
[SourceVersion "1"]
[SourceVersionDate "2003.11.25"]
[SourceQuality "1"]

1. e4 e5 2. Nf3 Nc6 3. Nc3 Nf6 4. d4 exd4 5. Nxd4 Bb4 6. Nxc6 bxc6 7. Bd3 d5 8. exd5 cxd5 9. 0-0 0-0 10. Bg5 Be7 11. Bxf6 Bxf6 12. Nxd5 Bxb2 13. Rb1 Rb8 14. c4 c6 15. Ne3 g6 16. Be4 Qxd1 17. Rfxd1 c5 18. Rd2 Be5 19. Rxb8 Bxb8 20. Rb2 Be5 21. Rb5 Bd4 22. Kf1 Re8 23. Bc6 Re6 24. Bd5 Rb6 25. Nc2 Rxb5 26. cxb5 Bc3 27. Ne3 Kf8 28. Ke2 Ke7 29. Nc4 Bf5 30. a4 Bc2 31. a5 Bb3 32. Ne3 Ba4 33. b6 a6 34. Nc4 Bb5 35. b7 Bxc4+ 36. Bxc4 Be5 37. Bxa6 Bb8 38. Bc4 f6 39. Kd3 Kd6 40. Bg8 h6 41. Kc4 Ba7 42. Kb5 Kc7 43. Ka6 Bb8 44. Bh7 g5 45. g4 c4 46. Be4 c3 47. h3 c2 48. Bxc2 Kc6 49. Be4+ Kc5 50. Bf3 1-0